Normal view
MARC view
- Italo-Ethiopian War, 1935-1936
Entry Topical Term
001 - CONTROL NUMBER
- control field: 50450
003 - CONTROL NUMBER IDENTIFIER
- control field: NUST
005 - DATE AND TIME OF LATEST TRANSACTION
- control field: 20210314134635.0
008 - FIXED-LENGTH DATA ELEMENTS
- fixed length control field: 210314|| aca||aabn | a|a d
040 ## - CATALOGING SOURCE
- Original cataloging agency: NUST
- Transcribing agency: NUST
150 ## - HEADING--TOPICAL TERM
- Topical term or geographic name entry element: Italo-Ethiopian War, 1935-1936
670 ## - SOURCE DATA FOUND
- Source citation: Work cat.: (NUST): Newman, E. W. Polson 50449, Italy's conquest of Abyssinia,, [1937]
